[Event "Las Palmas Cabildo op"]
[Site "Las Palmas"]
[Date "2017.03.10"]
[Round "1"]
[White "Aguilera Suarez, Antonio"]
[Black "Gimenez Aldecocea, Jorge"]
[Result "1-0"]
[WhiteElo "1784"]
[BlackElo "1304"]
[PlyCount "97"]
[EventDate "2017.03.10"]
[EventType "swiss"]
[EventRounds "7"]
[EventCountry "ESP"]
[SourceTitle "EXT 2018"]
[Source "ChessBase"]
[SourceDate "2017.10.13"]
[SourceVersion "1"]
[SourceVersionDate "2017.10.13"]
[SourceQuality "1"]

1. e4 e6 2. d4 d5 3. Nd2 dxe4 4. Nxe4 Bd7 5. Nf3 Bc6 6. Bd3 Nd7 7. Bd2 Ngf6 8. Ng3 Bd6 9. Qe2 0-0 10. 0-0 Bxf3 11. Qxf3 c6 12. c3 Qc7 13. h3 Rfe8 14. Ne4 Nxe4 15. Bxe4 Nf6 16. Bc2 Rad8 17. Bg5 Be7 18. Rad1 Qb6 19. Bc1 Rd5 20. Rfe1 Red8 21. Rd3 c5 22. dxc5 Bxc5 23. Red1 Rxd3 24. Rxd3 Rxd3 25. Bxd3 Nd5 26. g3 Qc6 27. Kg2 Bb6 28. Be4 Qc4 29. a3 Bd8 30. Qd3 Qb3 31. Bxh7+ Kf8 32. c4 Qxd3 33. Bxd3 Nf6 34. Be3 b6 35. Be2 Bc7 36. Bd3 Nd7 37. b4 Ne5 38. Be2 Nd7 39. h4 Ke7 40. g4 e5 41. g5 g6 42. Bg4 Nf8 43. c5 Ne6 44. cxb6 Bxb6 45. Bxe6 Kxe6 46. Bxb6 axb6 47. Kf3 Kf5 48. a4 e4+ 49. Kg3 1-0

[Event "Las Palmas Insular-chT Segunda-A 1617"]
[Site "Las Palmas"]
[Date "2017.02.18"]
[Round "11.3"]
[White "Gimenez Aldecocea, Jorge"]
[Black "Hernandez Guerra, Luna Yue"]
[Result "1-0"]
[WhiteElo "1304"]
[BlackElo "1557"]
[PlyCount "93"]
[EventDate "2016.10.22"]
[EventType "team-tourn"]
[EventRounds "14"]
[EventCountry "ESP"]
[SourceTitle "EXT 2018"]
[Source "ChessBase"]
[SourceDate "2017.10.13"]
[SourceVersion "1"]
[SourceVersionDate "2017.10.13"]
[SourceQuality "1"]
[WhiteTeam "Fundacion La Caja de Canarias III"]
[BlackTeam "Guia Univac III"]
[WhiteTeamCountry "ESP"]
[BlackTeamCountry "ESP"]

1. d4 f5 2. Bf4 Nf6 3. Nf3 g6 4. e3 Bg7 5. Bd3 d6 6. c3 0-0 7. Nbd2 e6 8. Qe2 Nc6 9. h3 e5 10. dxe5 dxe5 11. Nxe5 Nxe5 12. Bxe5 Qe7 13. Nf3 Be6 14. 0-0 Bd5 15. Bc4 Rad8 16. Rfd1 c6 17. Bd4 b6 18. Rd2 Kh8 19. Rad1 Ne4 20. Bxg7+ Kxg7 21. Rd4 Bxc4 22. Qxc4 c5 23. Rd5 Nf6 24. R5d2 Ne4 25. Rd5 Nf6 26. R5d2 Ne4 27. Rd3 Nd6 28. Qf4 g5 29. Qxg5+ Qxg5 30. Nxg5 Rf6 31. Nf3 Kf7 32. Ng5+ Kg6 33. Nf3 Kf7 34. Nh4 Ke7 35. Rd5 Nf7 36. Rxd8 Nxd8 37. Rd5 f4 38. e4 Nf7 39. f3 Re6 40. Nf5+ Kf6 41. Kf2 Re5 42. Rxe5 Nxe5 43. b3 b5 44. Ke2 Ke6 45. g4 a5 46. h4 c4 47. Nd4+ 1-0

[Event "Gran Canaria Santana Memorial 5th"]
[Site "Gran Canaria"]
[Date "2017.02.17"]
[Round "5"]
[White "Monteiro Rodrigues, Carlos"]
[Black "Gimenez Aldecocea, Jorge"]
[Result "1-0"]
[WhiteElo "1476"]
[BlackElo "1298"]
[PlyCount "47"]
[EventDate "2017.02.03"]
[EventType "swiss"]
[EventRounds "7"]
[EventCountry "ESP"]
[SourceTitle "CBM 177 Extra"]
[Source "ChessBase"]
[SourceDate "2017.04.27"]
[SourceVersion "1"]
[SourceVersionDate "2017.04.27"]
[SourceQuality "1"]

1. e4 d5 2. exd5 Qxd5 3. Nc3 Qa5 4. d4 c6 5. Nf3 Bg4 6. h3 Bxf3 7. Qxf3 e6 8. Bd3 Bb4 9. Bd2 Ne7 10. a3 Nd5 11. 0-0 Bxc3 12. bxc3 Nd7 13. Rfe1 0-0 14. Re4 Qd8 15. Qg3 N7f6 16. Rh4 g6 17. Re1 Ne7 18. Bg5 Nf5 19. Bxf5 exf5 20. Rh6 b6 21. Qh4 Qd6 22. Bxf6 Rfe8 23. Re5 Re6 24. Rxe6 1-0

[Event "Gran Canaria Santana Memorial 5th"]
[Site "Gran Canaria"]
[Date "2017.02.14"]
[Round "4"]
[White "Diaz Mendoza, Eladio"]
[Black "Gimenez Aldecocea, Jorge"]
[Result "1-0"]
[WhiteElo "1628"]
[BlackElo "1298"]
[PlyCount "93"]
[EventDate "2017.02.03"]
[EventType "swiss"]
[EventRounds "7"]
[EventCountry "ESP"]
[SourceTitle "CBM 177 Extra"]
[Source "ChessBase"]
[SourceDate "2017.04.27"]
[SourceVersion "1"]
[SourceVersionDate "2017.04.27"]
[SourceQuality "1"]

1. e4 e6 2. d4 d5 3. e5 c5 4. c3 Nc6 5. Bb5 Bd7 6. a4 a6 7. Bxc6 bxc6 8. Nf3 cxd4 9. cxd4 c5 10. 0-0 Nh6 11. Bxh6 gxh6 12. Qd2 cxd4 13. Qxd4 Bg7 14. Nbd2 0-0 15. b4 Qe7 16. Nb3 Rfb8 17. Nc5 Qd8 18. Ne1 Qb6 19. Ned3 Ra7 20. Rfb1 Bf8 21. Rb2 Rc7 22. a5 Qa7 23. Rab1 Bb5 24. Qg4+ Kh8 25. Nf4 Bg7 26. Re1 Rg8 27. Qh4 Rcc8 28. Nh5 Qc7 29. Nxg7 Rxg7 30. Qxh6 Rcg8 31. g3 Qd8 32. Nb7 Qe7 33. Nd6 Rg4 34. Qh5 R8g7 35. Rc1 R4g5 36. Rc8+ Rg8 37. Nxf7+ Qxf7 38. Qxf7 Rxc8 39. Qf6+ Rg7 40. Qxe6 Bd7 41. Qxa6 Bh3 42. Rb1 Rg6 43. Qd3 Rgc6 44. f4 Rc2 45. Qxd5 Rg2+ 46. Qxg2 Bxg2 47. Kxg2 1-0

[Event "Gran Canaria Santana Memorial 5th"]
[Site "Gran Canaria"]
[Date "2017.02.03"]
[Round "1"]
[White "Gimenez Aldecocea, Jorge"]
[Black "Martin Fernandez, Santiago"]
[Result "0-1"]
[WhiteElo "1298"]
[BlackElo "1807"]
[PlyCount "50"]
[EventDate "2017.02.03"]
[EventType "swiss"]
[EventRounds "7"]
[EventCountry "ESP"]
[SourceTitle "CBM 177 Extra"]
[Source "ChessBase"]
[SourceDate "2017.04.27"]
[SourceVersion "1"]
[SourceVersionDate "2017.04.27"]
[SourceQuality "1"]

1. d4 Nf6 2. Bf4 e6 3. Nf3 c5 4. e3 Nc6 5. c3 h6 6. Nbd2 d5 7. Bd3 cxd4 8. cxd4 Bd6 9. Bg3 Bxg3 10. hxg3 Qd6 11. a3 Bd7 12. 0-0 0-0 13. Nh2 e5 14. dxe5 Qxe5 15. b4 Rfe8 16. Ndf3 Qe7 17. Bc2 Rad8 18. Nd4 Ne5 19. Nhf3 Nc4 20. Bb3 a6 21. Qe2 b5 22. Rfd1 Ne4 23. Nc2 Nc3 24. Qd3 Nxd1 25. Rxd1 Nb2 0-1

[Event "Gran Canaria Galdos op 1st"]
[Site "Gran Canaria"]
[Date "2016.05.05"]
[Round "6"]
[White "Rodriguez Medina, Jose Chedey"]
[Black "Gimenez Aldecocea, Jorge"]
[Result "0-1"]
[WhiteElo "1352"]
[BlackElo "1263"]
[PlyCount "86"]
[EventDate "2016.04.26"]
[EventType "swiss"]
[EventRounds "6"]
[EventCountry "ESP"]
[SourceTitle "CBM 172 Extra"]
[Source "ChessBase"]
[SourceDate "2016.06.21"]
[SourceVersion "1"]
[SourceVersionDate "2016.06.21"]
[SourceQuality "1"]

1. d4 Nf6 2. Nf3 e6 3. e3 c5 4. c3 Nc6 5. Bd3 b6 6. Nbd2 Bb7 7. 0-0 Bd6 8. e4 cxd4 9. cxd4 Bc7 10. a3 d6 11. Re1 0-0 12. Qc2 e5 13. d5 Ne7 14. Nf1 Ng6 15. Ng3 a6 16. Bg5 h6 17. Bxf6 Qxf6 18. Qxc7 Rab8 19. Nf5 Rfd8 20. a4 Bc8 21. Ne7+ Nxe7 22. Qxb8 Ng6 23. Qxb6 Nf4 24. Bxa6 Bg4 25. Be2 Rd7 26. Rac1 Nxe2+ 27. Rxe2 Qg6 28. Re3 Bh3 29. Rc8+ Kh7 30. Ng5+ Qxg5 31. Rxh3 Qd2 32. g3 Qe1+ 33. Kg2 Qxe4+ 34. f3 Qxd5 35. Qe3 f5 36. Rf8 Rb7 37. Qc3 Rb3 38. Qc2 Rxf3 39. Rxh6+ Kxh6 40. Kh3 f4 41. Kh4 e4 42. Rh8+ Kg6 43. gxf4 Rxf4+ 0-1

[Event "Gran Canaria Cabildo op"]
[Site "Gran Canaria"]
[Date "2016.03.08"]
[Round "7"]
[White "Gimenez Aldecocea, Jorge"]
[Black "Diaz Hernandez, Juan Jose"]
[Result "1-0"]
[WhiteElo "1276"]
[BlackElo "1030"]
[PlyCount "68"]
[EventDate "2016.02.16"]
[EventType "swiss"]
[EventRounds "9"]
[EventCountry "ESP"]
[SourceTitle "CBM 171 Extra"]
[Source "ChessBase"]
[SourceDate "2016.04.26"]
[SourceVersion "1"]
[SourceVersionDate "2016.04.26"]
[SourceQuality "1"]

1. d4 d5 2. Bf4 Nf6 3. Nf3 Bf5 4. e3 a6 5. c4 e6 6. Nc3 Bb4 7. Be2 0-0 8. 0-0 Bxc3 9. bxc3 Ne4 10. Qc1 Nd7 11. cxd5 exd5 12. c4 Ndf6 13. c5 c6 14. Qb2 Qe7 15. h3 Nh5 16. Bh2 Rfe8 17. Ne5 Nef6 18. Bxh5 Nxh5 19. g4 Be4 20. f3 Bd3 21. Nxd3 Qxe3+ 22. Nf2 Nf4 23. Bxf4 Qxf4 24. Nh1 Re7 25. Kg2 Rb8 26. Rae1 Qg5 27. Rxe7 Qxe7 28. Ng3 Re8 29. Rf2 h6 30. Nf5 Qc7 31. Nd6 Rb8 32. Re2 Kf8 33. Qb1 g6 34. h4 Kg7 1-0